The Office Characters - Statistics

General Stats
  • This quiz has been taken 25 times
  • The average score is 22 of 28
Answer Stats
Hint Answer % Correct
Assistant Regional Manager; Sales; Manager Dwight Schrute
100%
Sales; Co-Manager Jim Halpert
100%
Regional Manager Michael Scott
100%
Receptionist; Sales; Office Administrator Pam Beesly
100%
Accountant Angela Martin
90%
Accountant Kevin Malone
90%
Accountant Oscar Martinez
90%
Human Resources Toby Flenderson
90%
Sales; Manager Andy Bernard
86%
Warehouse Foreman Darryl Philbin
86%
Receptionist (Seasons 5-9) Erin Hannon
86%
Human Resources (Seasons 5,7) Holly Flax
86%
Customer Service Kelly Kapoor
86%
Sales Phyllis Lapin-Vance
86%
CEO of Sabre (Season 8) Robert California
86%
Sales Stanley Hudson
86%
Quality Assurance; Acting Manager Creed Bratton
81%
CEO of Sabre (Seasons 6-7) Jo Bennett
81%
Temp; Sales; VP Ryan Howard
81%
CFO David Wallace
76%
Sales (Season 3) Karen Filippelli
76%
Customer Relations Meredith Palmer
71%
Director of Emerging Regions Gabe Lewis
62%
Warehouse Worker (Seasons 1-3) Roy Anderson
62%
VP of Northeastern Sales Jan Levinson
52%
President of Sabre Projects; Manager; Sales Nellie Bertram
43%
Customer Service Pete Miller
38%
Customer Service Clark Green
24%
No matching quizzes found
Score Distribution
Percent of People with Each Score
Percentile by Number Answered
Your Score History
You have not taken this quiz